[Event "Sydney NSW op"]
[Site "Sydney"]
[Date "2025.06.09"]
[Round "7"]
[White "Peramunetilleke, Seth"]
[Black "Anup, Kumar Vihaan"]
[Result "1-0"]
[WhiteElo "2010"]
[BlackElo "1959"]
[PlyCount "47"]
[EventDate "2025.06.06"]
[EventType "swiss"]
[EventRounds "7"]
[EventCountry "AUS"]
[SourceTitle "CB24_2025"]
[SourceDate "2025.06.11"]
[SourceVersion "1"]
[SourceVersionDate "2025.06.11"]
[SourceQuality "1"]

1. e4 e5 2. Nf3 Nf6 3. d4 Nxe4 4. Bd3 d5 5. Nxe5 Bd6 6. 0-0 0-0 7. Nc3 Nxc3 8. bxc3 Nd7 9. Nxd7 Bxd7 10. Qh5 f5 11. Re1 Qf6 12. Qf3 c6 13. Bf4 Rae8 14. Qg3 Bxf4 15. Qxf4 c5 16. Qf3 Qd6 17. c4 Be6 18. dxc5 Qxc5 19. Re5 Qd4 20. Rae1 dxc4 21. Bxf5 Bf7 22. Rxe8 Rxe8 23. Rxe8+ Bxe8 24. Be6+ 1-0

[Event "Sydney NSW op"]
[Site "Sydney"]
[Date "2025.06.08"]
[Round "4"]
[White "Anup, Kumar Vihaan"]
[Black "Odenthal, Aidan"]
[Result "1-0"]
[WhiteElo "1959"]
[BlackElo "2057"]
[PlyCount "149"]
[EventDate "2025.06.06"]
[EventType "swiss"]
[EventRounds "7"]
[EventCountry "AUS"]
[SourceTitle "CB24_2025"]
[SourceDate "2025.06.11"]
[SourceVersion "1"]
[SourceVersionDate "2025.06.11"]
[SourceQuality "1"]

1. d4 Nf6 2. c4 e6 3. Nc3 Bb4 4. Qc2 0-0 5. Bg5 h6 6. Bh4 d5 7. e3 Nbd7 8. Nf3 c5 9. cxd5 exd5 10. Be2 c4 11. 0-0 Qa5 12. Nb1 b5 13. Nbd2 Re8 14. a4 Bxd2 15. axb5 Qxb5 16. Nxd2 Ne4 17. Bxc4 Qc6 18. Qa4 Qxa4 19. Rxa4 dxc4 20. Nxc4 g5 21. f3 Nef6 22. Bf2 Bb7 23. Nd6 Reb8 24. e4 Bc6 25. Ra2 Ne8 26. Nxe8 Rxe8 27. Rfa1 f5 28. exf5 Re2 29. Ra6 Nb8 30. Rxa7 Rxa7 31. Rxa7 Rxb2 32. h4 gxh4 33. Bxh4 Bd7 34. Bg3 Bc6 35. Bxb8 Rxb8 36. Ra6 Rb1+ 37. Kh2 Rc1 38. d5 Bxd5 39. Rxh6 Kf7 40. Kg3 Rc2 41. Rg6 Rc4 42. Rg4 Rc8 43. Kf4 Rc1 44. Kg5 Rg1 45. Kf4 Bc4 46. Kg5 Bf1 47. g3 Be2 48. Kf4 Rf1 49. Rg5 Rxf3+ 50. Ke5 Re3+ 51. Kf4 Ra3 52. g4 Ra4+ 53. Kg3 Bc4 54. Rg6 Bd3 55. Rg5 Kf6 56. Rg6+ Ke5 57. Re6+ Kd5 58. Re8 Ra1 59. Kf4 Rg1 60. Rd8+ Kc4 61. f6 Be2 62. g5 Bh5 63. Rh8 Bg6 64. Rg8 Bh5 65. Ke5 Kc5 66. Rc8+ Kb6 67. Rg8 Kc6 68. g6 Bxg6 69. Rxg6 Re1+ 70. Kf5 Kd7 71. Rg8 Rf1+ 72. Kg6 Rg1+ 73. Kf7 Rh1 74. Rg2 Rh7+ 75. Kg8 1-0

[Event "Begonia op 29th"]
[Site "Ballarat"]
[Date "2025.03.08"]
[Round "2"]
[White "Yadao, Israel"]
[Black "Anup, Kumar Vihaan"]
[Result "1/2-1/2"]
[WhiteElo "2185"]
[BlackElo "1896"]
[PlyCount "146"]
[EventDate "2025.03.08"]
[EventType "swiss"]
[EventRounds "7"]
[EventCountry "AUS"]
[SourceTitle "CB11_2025"]
[SourceDate "2025.03.12"]
[SourceVersion "1"]
[SourceVersionDate "2025.03.12"]
[SourceQuality "1"]

1. e4 e5 2. Nf3 Nf6 3. Nxe5 d6 4. Nf3 Nxe4 5. Nc3 Nxc3 6. dxc3 Be7 7. Bd3 Nc6 8. Be3 Be6 9. Qd2 Ne5 10. Be2 Qd7 11. h3 Bf6 12. b3 Nxf3+ 13. Bxf3 Qb5 14. c4 Qa6 15. Rd1 0-0 16. a4 Rfe8 17. 0-0 Bf5 18. Rfe1 Be4 19. Be2 Qc6 20. Bf1 Re6 21. f3 Bg6 22. Bf2 Rae8 23. Rxe6 Rxe6 24. Bd3 Bxd3 25. cxd3 a6 26. d4 d5 27. Qa5 Rd6 28. c5 Re6 29. b4 Qd7 30. b5 axb5 31. axb5 c6 32. b6 h6 33. Bg3 Re8 34. Qd2 Bg5 35. Bf4 Bf6 36. Ra1 Qc8 37. Ra7 Rd8 38. Bg3 Re8 39. Qf4 Kh8 40. Bf2 Re7 41. Kf1 Kg8 42. Ra4 Kh7 43. g4 Qe6 44. Kg2 g6 45. Ra8 g5 46. Qb8 Bg7 47. h4 gxh4 48. Bxh4 Qe2+ 49. Bf2 h5 50. Qf4 hxg4 51. Qf5+ Kh6 52. Qxg4 Re6 53. Ra1 Kh7 54. Rh1+ Kg8 55. Rh5 Rg6 56. Rg5 Rxg5 57. Qxg5 Qe8 58. Qg4 Qe6 59. Qf4 Qe7 60. Qc7 Bf8 61. Kf1 Kh7 62. Bg3 Qf6 63. Kg2 Qxd4 64. Qxb7 Qd2+ 65. Kh3 Qh6+ 66. Bh4 Qe6+ 67. Kg2 Bxc5 68. Qc7 Qe2+ 69. Kg3 Qf2+ 70. Kg4 Qd4+ 71. Kh3 Bxb6 72. Qxf7+ Qg7 73. Qh5+ Qh6 1/2-1/2

[Event "AUS-ch Major"]
[Site "Sydney"]
[Date "2020.01.07"]
[Round "6"]
[White "Anup, Kumar Vihaan"]
[Black "O'Donoghue, Malachi"]
[Result "1-0"]
[WhiteElo "1468"]
[BlackElo "1753"]
[PlyCount "107"]
[EventDate "2020.01.02"]
[EventType "swiss"]
[EventRounds "11"]
[EventCountry "AUS"]
[SourceTitle "EXT 2021"]
[Source "ChessBase"]
[SourceDate "2020.10.23"]
[SourceVersion "1"]
[SourceVersionDate "2020.10.23"]
[SourceQuality "1"]

1. e4 e5 2. Nc3 Nf6 3. g3 Bc5 4. Nge2 a6 5. Bg2 0-0 6. 0-0 d6 7. d3 Bg4 8. h3 Be6 9. Nd5 Nc6 10. Bg5 Bxd5 11. exd5 Nd4 12. Nxd4 Bxd4 13. c3 Ba7 14. Qf3 h6 15. Bxf6 Qxf6 16. Qxf6 gxf6 17. Be4 Kh8 18. Kh2 Rg8 19. f4 Kg7 20. Rf3 Raf8 21. Raf1 b5 22. fxe5 fxe5 23. b4 Bb6 24. g4 a5 25. a3 axb4 26. axb4 f6 27. Kg3 Rh8 28. Kh4 Rf7 29. Ra1 Rd8 30. Bf5 Re7 31. Kg3 Rf7 32. Be6 Rff8 33. Rc1 Rfe8 34. c4 bxc4 35. dxc4 Bd4 36. c5 dxc5 37. bxc5 c6 38. Rb3 cxd5 39. Rb7+ Kh8 40. Bf5 Be3 41. Rd1 Bxc5 42. Rc1 Bd6 43. Rc6 e4+ 44. Kf2 d4 45. Rh7+ Kg8 46. Rxh6 d3 47. Ke3 d2 48. Rg6+ Kf7 49. Kxd2 Bf4+ 50. Ke1 e3 51. Rcxf6+ Ke7 52. Re6+ Kd7 53. Rg7+ Kc8 54. Rxe8+ 1-0